Sports Quiz

Random Sports or NHL Quiz

NHL active players - Top 50 in Points Quiz Stats

Quiz not verified by Sporcle

Challenge
Share
Tweet
Embed
Score 0/50 Timer 10:00
0 Plays Today
Current team Player % Correct
CGYJaromir Jagr
96.8%
SJJoe Thornton
96.8%
VANHenrik Sedin
96%
WSHAlex Ovechkin
95.2%
CHIMarian Hossa
95.1%
VANDaniel Sedin
92.5%
CHIJonathan Toews
91.8%
MINEric Staal
90%
DALJamie Benn
87.7%
PITSidney Crosby
87.6%
LAAnze Kopitar
84.1%
TORPatrick Marleau
83.7%
TBSteven Stamkos
83%
SJJoe Pavelski
79.5%
MINMikko Koivu
79.5%
NYIJohn Tavares
77.2%
PITEvgeni Malkin
76.1%
PHIClaude Giroux
75.4%
CHIDuncan Keith
75.4%
LAJeff Carter
74.8%
PITPhil Kessel
74.5%
CHIPatrick Sharp
71.5%
BOSZdeno Chara
71.4%
LAMarian Gaborik
71.1%
DETHenrik Zetterberg
71.1%
Current team Player % Correct
ANACorey Perry
70.9%
DALJason Spezza
68.1%
ANARyan Getzlaf
67.8%
WPGBlake Wheeler
67.8%
MINZach Parise
67.5%
BUFJason Pominville
67.3%
ANARyan Kesler
66.7%
NYRRick Nash
65.4%
WSHNicklas Bäckström
64.7%
CHIPatrick Kane
64.7%
TBChris Kunitz
64.4%
BOSDavid Krejci
63.2%
CARJustin Williams
62%
MTLTomas Plekanec
57.3%
VANLoui Eriksson
50.9%
VANThomas Vanek
48.4%
BOSPatrice Bergeron
48.1%
STLAlexander Steen
46.8%
STLPaul Stastny
43.7%
FLARadim Vrbata
41.2%
NSHScott Hartnell
39.3%
EDMJussi Jokinen
39.2%
MINMatt Cullen
38.9%
MTLAles Hemsky
34.3%
LAMike Cammalleri
33.8%

You're not logged in!

Compare scores with friends on all Sporcle quizzes.
Join for Free
OR
Log In

You Might Also Like...

Show Comments

Extras

Top Quizzes Today


Score Distribution

Your Account Isn't Verified!

In order to create a playlist on Sporcle, you need to verify the email address you used during registration. Go to your Sporcle Settings to finish the process.

Report this User

Report this user for behavior that violates our Community Guidelines.

Details: